Diccionario de filosofía
Uloženo v:
| Hlavní autor: | |
|---|---|
| Médium: | Kniha |
| Jazyk: | španělština |
| Vydáno: |
Barcelona
Herder
1978
|
| Vydání: | 9a. ed |
| Edice: | Biblioteca Herder. Sección de teología y filosofía, 1
|
| Témata: | |
| Tagy: |
Přidat tag
Žádné tagy, Buďte první, kdo vytvoří štítek k tomuto záznamu!
|
MARC
| LEADER | 00000cam a2200000 a 4500 | ||
|---|---|---|---|
| 001 | UCY9928 | ||
| 003 | CL-VaPUC | ||
| 008 | 950724e19780000SP |||||||||||||||||spa|d | ||
| 020 | |a 8425407222 | ||
| 082 | 0 | 4 | |a 103 |b BRU |2 21 |
| 100 | 0 | |a Brugger, Walter |e author |9 342488 | |
| 245 | 1 | 0 | |a Diccionario de filosofía |
| 250 | |a 9a. ed | ||
| 300 | |a 683 p | ||
| 942 | |c BK | ||
| 945 | |d 19950724 00:00:00 |a mfernand | ||
| 260 | |a Barcelona |b Herder |c 1978 | ||
| 650 | 0 | |a Filosofía |9 223554 | |
| 650 | 0 | |a Diccionarios |9 256200 | |
| 583 | |a last modification |c 20150713 12:25:28 |k Rodrigo Vera | ||
| 490 | 0 | |a Biblioteca Herder. Sección de teología y filosofía, 1 | |
| 999 | |c 236914 |d 236912 | ||
| 952 | |0 0 |1 0 |4 0 |6 103_000000000000000_BRU_1978 |7 0 |8 X |9 245436 |a BIBEDU |b BIBEDU |d 2019-11-18 |i 1543105 |o 103 BRU 1978 |p 1543105 |r 2023-01-13 |w 2019-11-18 |y BK_X |k EDU | ||
| 952 | |0 0 |1 0 |3 erd |4 0 |6 103_000000000000000_BRU_1978 |7 0 |8 X |9 245437 |a BIBEDU |b BIBEDU |e Villagrán Garnham, Jorge |i 5186978 |o 103 BRU 1978 |p 5186978 |r 2023-01-13 |w 2019-11-18 |y BK_X |z Catalogado en:20150728 |k FIL | ||